| 000 | 00703nam a2200229Ia 4500 | ||
|---|---|---|---|
| 003 | OSt | ||
| 005 | 20220923212108.0 | ||
| 006 | a|||||r|||| 00| 0 | ||
| 007 | ta | ||
| 008 | 220922b |||||||| |||| 00| 0 hin d | ||
| 024 | _a150,690 | ||
| 037 | _cTextual | ||
| 040 |
_aARTS _cARTS _bhin |
||
| 041 |
_2hin _ahin |
||
| 082 | _aK:(P111:4k), 152L3(RR) | ||
| 100 | _aसूद, महेश्वर सिंह | ||
| 245 | 0 | _aजन्तु विज्ञान बृहत् कोष | |
| 246 | _aJantu vijnyān bṛuhat koṣha | ||
| 260 | _c1973 | ||
| 942 |
_hK:(P111:4k), 152L3(RR) _cTEXL _2CC |
||
| 999 |
_c306370 _d306370 |
||